| 000 | 00627nam a22002177a 4500 | ||
|---|---|---|---|
| 005 | 20240220122040.0 | ||
| 008 | 240220b ||||| |||| 00| 0 eng d | ||
| 020 | _a9789360782337 | ||
| 040 |
_aIN-DiNC _cIN-DiNC |
||
| 041 | _deng | ||
| 082 |
_a333.7 _bSEN |
||
| 100 |
_aSen, Sanjay _eauthor |
||
| 245 |
_aEnvironmental Science (VAC3)/ _cby Sanjay Sen, Himadree Phukan and Plabita Baruah |
||
| 250 | _a1st imp. | ||
| 260 |
_aGuwahati: _bAshok publication, _c2024. |
||
| 300 | _a152p. | ||
| 650 | _aEnvironmental degredation | ||
| 700 |
_aPhukan, Himadree _eauthor |
||
| 700 |
_aBaruah, Plabita _eauthor |
||
| 942 |
_2ddc _cBK |
||
| 999 |
_c11739 _d11739 |
||